| 000 | 00622nam a22002057a 4500 | ||
|---|---|---|---|
| 999 |
_c6444 _d6444 |
||
| 003 | AR-CdUCM | ||
| 008 | 190315b ||||| |||| 00| 0 spa d | ||
| 040 |
_aMUNICIPALIDAD PROVINCIAL DEL CUSCO _cBIBLIOTECA MUNICIPAL DEL CUSCO |
||
| 082 |
_a329.1 / _bP84 |
||
| 100 |
_aPortal, Magda _92802 |
||
| 245 | _a¿Quiénes traicionaron al pueblo? / | ||
| 260 |
_aLima : _c1950. |
||
| 300 |
_a30 paginas ; _c17 cm. |
||
| 500 | _aDonación familia Nieto | ||
| 505 | _aContenido :A los apristas de todo el Perú / | ||
| 650 |
_aPartido Aprista Peruano _93316 |
||
| 650 |
_aAprismo _96880 |
||
| 942 |
_2ddc _cLIBROS |
||
| 945 | _arjall | ||